| 000 | 00806nam a2200241 i 4500 | ||
|---|---|---|---|
| 001 | 21799 | ||
| 003 | ES-MaACL | ||
| 005 | 20250921063022.0 | ||
| 007 | t| | ||
| 008 | 021127q1945 sp ||||1| spa d | ||
| 080 | _a94(460)"18" | ||
| 080 | _a94(460)"19" | ||
| 100 | 1 |
_aAlmagro San Martín, Melchor, _d1882-1947 _920081 |
|
| 245 | 1 | 0 |
_aBajo los tres últimos Borbones _b: retratos, cuadros, intimidades / _cMelchor de Almagro San Martín. |
| 260 |
_aMadrid : _bAfrodisio Aguado, _c[1945?] |
||
| 300 |
_a198 p., [14] p. de lám. ; _c18 cm. |
||
| 490 | 1 |
_aLos cuatro vientos ; _v20 |
|
| 651 | 7 |
_aEspaña- _xHistoria- _yS.XIX _2 _9142005 |
|
| 651 | 4 |
_aEspaña- _xHistoria- _yS.XX. _9138832 |
|
| 830 | 1 |
_aLos cuatro vientos ; _v20 _9180354 |
|
| 852 |
_aES-MaACL _jB-10177 |
||
| 999 |
_c21799 _d21799 |
||